Memoirs / (Record no. 672)

000 -LEADER
fixed length control field 01620nam a22004337a 4500
001 - CONTROL NUMBER
control field 12694606
003 - CONTROL NUMBER IDENTIFIER
control field OSt
005 - DATE AND TIME OF LATEST TRANSACTION
control field 20210421064912.0
008 - FIXED-LENGTH DATA ELEMENTS--GENERAL INFORMATION
fixed length control field 020307s2002 nyuaf 001 0aeng
010 ## - LIBRARY OF CONGRESS CONTROL NUMBER
LC control number 2002024800
020 ## - INTERNATIONAL STANDARD BOOK NUMBER
International Standard Book Number 0679405887
040 ## - CATALOGING SOURCE
Original cataloging agency eng
Transcribing agency DLC
Modifying agency eng
Language of cataloging eng
041 ## - LANGUAGE CODE
Language code of text/sound track or separate title eng
042 ## - AUTHENTICATION CODE
Authentication code pcc
043 ## - GEOGRAPHIC AREA CODE
Geographic area code n-us---
050 00 - LIBRARY OF CONGRESS CALL NUMBER
Classification number HG2463.R6
Item number A3 2002
080 ## - UNIVERSAL DECIMAL CLASSIFICATION NUMBER
Universal Decimal Classification number 92
Item number R-68
082 00 - DEWEY DECIMAL CLASSIFICATION NUMBER
Classification number 332.1/092
-- B
Edition number 21
100 1# - MAIN ENTRY--PERSONAL NAME
Personal name Rockefeller, David,
Dates associated with a name 1915-2017.
245 10 - TITLE STATEMENT
Title Memoirs /
Statement of responsibility, etc. David Rockefeller.
Remainder of title / by: Random House
250 ## - EDITION STATEMENT
Edition statement 1st trade ed.
260 ## - PUBLICATION, DISTRIBUTION, ETC.
Place of publication, distribution, etc. New York :
Name of publisher, distributor, etc. Random House,
Date of publication, distribution, etc. c2002.
300 ## - PHYSICAL DESCRIPTION
Extent 517 p., [16] p. of plates :
Other physical details ill. ;
Dimensions 25 cm.
365 ## - TRADE PRICE
Price amount 35 usd
500 ## - GENERAL NOTE
General note Includes index.
600 10 - SUBJECT ADDED ENTRY--PERSONAL NAME
Personal name Rockefeller, David,
Dates associated with a name 1915-2017.
610 20 - SUBJECT ADDED ENTRY--CORPORATE NAME
Corporate name or jurisdiction name as entry element Chase Manhattan Bank.
650 #0 - SUBJECT ADDED ENTRY--TOPICAL TERM
Topical term or geographic name entry element Bankers
Geographic subdivision United States
Form subdivision Biography.
650 #0 - SUBJECT ADDED ENTRY--TOPICAL TERM
Topical term or geographic name entry element Biography
9 (RLIN) 237
650 #0 - SUBJECT ADDED ENTRY--TOPICAL TERM
Topical term or geographic name entry element Banks and banking
Geographic subdivision United States
General subdivision History.
653 ## - INDEX TERM--UNCONTROLLED
Uncontrolled term ბიოგრაფია
653 ## - INDEX TERM--UNCONTROLLED
Uncontrolled term ბანკი და ბანკირები
856 42 - ELECTRONIC LOCATION AND ACCESS
Materials specified Contributor biographical information
Uniform Resource Identifier <a href="http://www.loc.gov/catdir/bios/random054/2002024800.html">http://www.loc.gov/catdir/bios/random054/2002024800.html</a>
856 41 - ELECTRONIC LOCATION AND ACCESS
Materials specified Sample text
Uniform Resource Identifier <a href="http://www.loc.gov/catdir/samples/random044/2002024800.html">http://www.loc.gov/catdir/samples/random044/2002024800.html</a>
856 42 - ELECTRONIC LOCATION AND ACCESS
Materials specified Publisher description
Uniform Resource Identifier <a href="http://www.loc.gov/catdir/description/random0411/2002024800.html">http://www.loc.gov/catdir/description/random0411/2002024800.html</a>
906 ## - LOCAL DATA ELEMENT F, LDF (RLIN)
a 7
b cbc
c orignew
d 1
e ocip
f 20
g y-gencatlg
942 ## - ADDED ENTRY ELEMENTS (KOHA)
Source of classification or shelving scheme
Koha item type Books
Holdings
Withdrawn status Lost status Source of classification or shelving scheme Damaged status Not for loan Permanent location Current location Date acquired Inventory number Total Checkouts Full call number Barcode Date last seen Price effective from Koha item type
          Ken Walker International University Ken Walker International University 12/16/2020 411   92 R-68 411 12/16/2020 12/16/2020 Books

Powered by Koha